Evangelický Funebrál, aneb Pjsně Pohřebnj kteréžto se při Pohřebowánj těl mrtwých, w Cýrkwých Božjch, w Králowstwj Vherském, a Cžeském, w Morawě y w Slézku se nalezagjcých, k potěssenj zarmaucených zpjwati mohau

Bibliographic Details
Main Author: Jakobei, Pavol, 1695-1752 (Author)
Other Authors: Plachý, Ondrej, 1755-1810 (Author of introduction, etc.), Sulcer, Ján František, asi 1753-1825 (Printer)
Format: Book
Language:Slovak
PhysicalDescription:XXII, 412, [16] s. 13 cm
Published: W B. Sstiawnicy v J. Frant. Sulcera 1798
Edition:Páté Wydánj, s mnohýmni w nowě složenými Pjsničkámi rozmnožené
Subjects:

MARC

LEADER 00000nam a2200000 a 4500
001 vtls001488848
003 SK-MaSNL
005 20260301122404.0
008 220509 1798 xo 000 0 slo
015 |a SNBHFA1798 
035 |a urn:nbn:sk:snk-am00gmhf 
035 |a urn:nbn:sk:snk-am3j413 
035 |a 3993DAC7-C4AF-4229-BD50-4A4F27598C42 
040 |a SNK  |b slo  |c SNK  |e AACR2 
041 0 |a slo 
044 |a xo  |c SK 
072 7 |a 783  |x Cirkevná hudba. Duchovná hudba. Náboženská hudba  |2 konspekt 
080 |a 783.6  |2 2011 
100 1 |a Jakobei, Pavol,  |d 1695-1752  |4 aut  |9 203578 
245 1 0 |a Evangelický Funebrál, aneb Pjsně Pohřebnj  |b kteréžto se při Pohřebowánj těl mrtwých, w Cýrkwých Božjch, w Králowstwj Vherském, a Cžeském, w Morawě y w Slézku se nalezagjcých, k potěssenj zarmaucených zpjwati mohau 
250 |a Páté Wydánj, s mnohýmni w nowě složenými Pjsničkámi rozmnožené 
260 |a W B. Sstiawnicy  |b v J. Frant. Sulcera  |c 1798 
300 |a XXII, 412, [16] s.  |c 13 cm 
500 |a Titulná strana s drevorezom. Tlač na titulnej strane červená a čierna. Ozdobné linky. Zložky. Kustody 
508 |a Úvod so zoznamom autorov piesní napísal Ondrej Plachý 
546 |a Predspisovná slovenčina  |b Fraktúra 
610 2 7 |a Evanjelická cirkev a.v.  |2 SNKKA  |9 32425 
650 0 7 |a duchovné piesne  |2 SNKPH  |9 1928 
700 1 |a Plachý, Ondrej,  |d 1755-1810  |4 aui  |9 222783 
700 1 |a Sulcer, Ján František,  |d asi 1753-1825  |4 prt  |9 206775 
752 |a Slovensko  |d Banská Štiavnica 
958 |a DD 
958 |a ONDV 
999 |c 732713  |d 734643 
952 |a SNK  |b SNK  |y PREZ  |7 0  |p 17A0741327  |o snkSE 2287  |i snkKSK 666/58  |8 3  |0 0  |1 0  |4 0  |d 2011-11-08  |f 1  |l 0  |r 2026-02-23 22:34:36  |w 2026-02-23 
952 |a SNK  |b SNK  |y PREZ  |7 0  |p 17A0454953  |o snkSE 2287 D1  |i snkKSF 872/58  |8 5  |3 rekatalogizácia  |0 0  |1 0  |4 0  |d 2005-01-17  |l 0  |r 2026-02-23 22:34:36  |w 2026-02-23